Sąsiedzi Czadu - Statystyki

Ogólne statystyki
  • Ten quiz został rozwiązany 17 razy
  • Średni wynik to 5 z 6
Statystyki odpowiedzi
odpowiedź % Poprawnych
Libia
100%
Niger
91%
Republika środkowoafrykańska
91%
Sudan
91%
Nigeria
82%
Kamerun
64%
Nie znaleziono quizów pasujących do podanych kryteriów
Rozkład punktacji
Procent ludzi z każdym wynikiem
Percentyl według liczby udzielonych odpowiedzi
Twoja historia wyników
Nie rozwiązałeś tego quizu